[Event "BRNO OPEN 2019 A - FIDE open"]
[Site "Brno"]
[Date "2019.11.06"]
[Round "4"]
[White "Gonchar, Svitlana"]
[Black "Skurihin, Roman"]
[Result "0-1"]
[WhiteElo "1677"]
[BlackElo "1830"]
[PlyCount "58"]
[EventDate "2019.11.03"]

1. d4 Nf6 2. Nf3 g6 3. c4 Bg7 4. Nc3 O-O 5. e4 d6 6. Be2 e5 7. d5 a5 8. Qc2 Na6
9. O-O Nc5 10. Be3 b6 11. Nd2 a4 12. b4 axb3 13. axb3 Bg4 14. f3 Bd7 15. b4 Nb7
16. Ra2 Nh5 17. Rfa1 Rxa2 18. Rxa2 f5 19. Ra7 Bc8 20. Qa4 Qh4 21. Bf2 Qg5 22.
Nb3 Nf4 23. g3 Nh3+ 24. Kg2 Nxf2 25. Kxf2 Bh6 26. Nd1 fxe4 27. Kg2 exf3+ 28.
Bxf3 Qf5 29. Be2 Qe4+ 0-1

[Event "BRNO OPEN 2019 A - FIDE open"]
[Site "Brno"]
[Date "2019.11.06"]
[Round "4"]
[White "Glacner, Karel"]
[Black "Smietanska, Wiktoria"]
[Result "0-1"]
[WhiteElo "1461"]
[BlackElo "1641"]
[PlyCount "58"]
[EventDate "2019.11.03"]

1. e4 c5 2. Nf3 d6 3. d4 cxd4 4. Nxd4 Nf6 5. Nc3 a6 6. Bd3 e5 7. Nb3 Be7 8. f3
Be6 9. Be3 b5 10. Qd2 Nbd7 11. g4 Nb6 12. Ne2 Nc4 13. Bxc4 bxc4 14. Nbc1 d5 15.
Ng3 dxe4 16. g5 Nd5 17. Nxe4 Nxe3 18. Qxe3 Qa5+ 19. Qd2 Qxd2+ 20. Kxd2 O-O-O+
21. Kc3 Kb7 22. Ne2 Rd7 23. h4 Kb6 24. Rhb1 h6 25. Rh1 hxg5 26. hxg5 Rhd8 27.
N2g3 f6 28. Nh5 a5 29. Nxg7 Bb4# 0-1

[Event "BRNO OPEN 2019 A - FIDE open"]
[Site "Brno"]
[Date "2019.11.06"]
[Round "4"]
[White "Mazanec, Karel"]
[Black "Ochedzan, Filip"]
[Result "0-1"]
[WhiteElo "1618"]
[BlackElo "1435"]
[PlyCount "72"]
[EventDate "2019.11.03"]

1. e4 c5 2. Nf3 d6 3. d4 cxd4 4. Nxd4 Nf6 5. Nc3 a6 6. Be2 e5 7. Nf3 Qc7 8. O-O
Be7 9. Re1 O-O 10. Bg5 Be6 11. Qd2 Nbd7 12. Rad1 Rac8 13. Bxf6 Nxf6 14. Bd3 b5
15. a3 Kh8 16. Ng5 Bc4 17. Bxc4 Qxc4 18. Qd3 h6 19. Qxc4 Rxc4 20. Nh3 Rfc8 21.
f4 R4c5 22. fxe5 dxe5 23. Nf2 R5c6 24. Rd2 Bc5 25. Kf1 Bd4 26. Nfd1 Rc5 27.
Ree2 R5c7 28. Nd5 Nxd5 29. exd5 f6 30. c3 Bc5 31. Rd3 Rd8 32. Nf2 Rcd7 33. Red2
f5 34. b4 Bb6 35. d6 e4 36. Rd5 e3 0-1

[Event "BRNO OPEN 2019 A - FIDE open"]
[Site "Brno"]
[Date "2019.11.06"]
[Round "4"]
[White "Belov, Filipp"]
[Black "Radsetoulal, Vlastimil"]
[Result "1-0"]
[WhiteElo "1356"]
[BlackElo "1643"]
[PlyCount "55"]
[EventDate "2019.11.03"]

1. Nf3 d5 2. g3 Nf6 3. Bg2 Bf5 4. O-O e6 5. c4 Bd6 6. d3 h6 7. cxd5 exd5 8. Qb3
b6 9. Nc3 c6 10. Nd4 Be6 11. e4 Be5 12. Nxe6 fxe6 13. exd5 cxd5 14. Re1 Nc6 15.
d4 Nxd4 16. Qa4+ b5 17. Nxb5 Nxb5 18. Qxb5+ Qd7 19. Qe2 Bc7 20. Bh3 Ne4 21. f3
Ng5 22. Bxg5 hxg5 23. Bxe6 Qd6 24. Bxd5+ Kd7 25. Bxa8 Rxa8 26. Qb5+ Qc6 27.
Rad1+ Bd6 28. Rxd6+ 1-0

[Event "BRNO OPEN 2019 A - FIDE open"]
[Site "Brno"]
[Date "2019.11.07"]
[Round "5"]
[White "Hofirek, Benedikt"]
[Black "Baklanova, Tatiana"]
[Result "1/2-1/2"]
[WhiteElo "2269"]
[BlackElo "2173"]
[PlyCount "53"]
[EventDate "2019.11.03"]

1. d4 Nf6 2. c4 d6 3. Nf3 Nbd7 4. Nc3 e5 5. Bg5 Be7 6. e3 c6 7. Be2 O-O 8. Qc2
Ne8 9. Bxe7 Qxe7 10. b4 a5 11. b5 f5 12. Qa4 Nb6 13. Qc2 c5 14. d5 e4 15. Nd2
Qe5 16. g3 g5 17. O-O-O Nf6 18. h4 g4 19. Rdf1 Bd7 20. Na4 Nxa4 21. Qxa4 Be8
22. Qc2 Nd7 23. Qb2 Bf7 24. Qxe5 Nxe5 25. Kc2 Kg7 26. Kc3 Kf6 27. Rc1 1/2-1/2

[Event "BRNO OPEN 2019 A - FIDE open"]
[Site "Brno"]
[Date "2019.11.07"]
[Round "5"]
[White "Chkhaidze, Nikoloz"]
[Black "Kovalenko, Vladimir N"]
[Result "1-0"]
[WhiteElo "2287"]
[BlackElo "2079"]
[PlyCount "79"]
[EventDate "2019.11.03"]

1. d4 {[%emt 0:00:00]} Nf6 2. c4 c5 3. Nf3 cxd4 4. Nxd4 Nc6 5. Nc3 g6 6. e4
Nxd4 7. Qxd4 d6 8. Be3 Bg7 9. Be2 O-O 10. Qd2 Qa5 11. f3 Be6 12. Rc1 Rfc8 13.
b3 a6 14. Nd5 Qxd2+ 15. Kxd2 Nxd5 16. exd5 Bd7 17. a4 a5 18. f4 Bb2 19. Rcf1
Ba3 20. Bd4 Bc5 21. Bb2 Bb4+ 22. Kd1 e6 23. dxe6 Bxe6 24. g4 f5 25. Bf3 Rc7 26.
Rhg1 Re8 27. h4 fxg4 28. Bxg4 Bxg4+ 29. Rxg4 Rce7 30. Rg2 Re1+ 31. Rxe1 Rxe1+
32. Kc2 Re4 33. f5 Rxh4 34. fxg6 hxg6 35. Rxg6+ Kf7 36. Rg7+ Ke6 37. Bc1 Rh2+
38. Kd3 Rh3+ 39. Ke4 Rxb3 40. Bg5 1-0

[Event "BRNO OPEN 2019 A - FIDE open"]
[Site "Brno"]
[Date "2019.11.07"]
[Round "5"]
[White "Kalinowska, Zuzanna"]
[Black "Bullen, Alex"]
[Result "1/2-1/2"]
[WhiteElo "1998"]
[BlackElo "2108"]
[PlyCount "55"]
[EventDate "2019.11.03"]

1. d4 d5 2. c4 e6 3. Nf3 Nf6 4. Nc3 Bb4 5. Qa4+ Nc6 6. e3 O-O 7. Bd2 Bd7 8. Qc2
dxc4 9. Bxc4 Na5 10. Be2 c5 11. a3 Bxc3 12. Qxc3 b6 13. dxc5 Ne4 14. Qc2 Nxd2
15. Nxd2 bxc5 16. O-O Rb8 17. Rac1 Bb5 18. Ne4 Bxe2 19. Qxe2 c4 20. Rfd1 Qb6
21. Nd6 Rfd8 22. Nxc4 Rxd1+ 23. Qxd1 Nxc4 24. Rxc4 Qxb2 25. Rb4 Qe5 26. Rxb8+
Qxb8 27. h3 h6 28. Qd7 1/2-1/2

[Event "BRNO OPEN 2019 A - FIDE open"]
[Site "Brno"]
[Date "2019.11.07"]
[Round "5"]
[White "Denisenko, Denis"]
[Black "Vesely, Jaromir"]
[Result "0-1"]
[WhiteElo "2091"]
[BlackElo "1952"]
[PlyCount "62"]
[EventDate "2019.11.03"]

1. d4 d5 2. Bf4 e6 3. e3 Bd6 4. Bd3 f5 5. Bxd6 Qxd6 6. c3 Nf6 7. Nd2 O-O 8. f4
c5 9. Ngf3 cxd4 10. cxd4 Nc6 11. Rc1 Bd7 12. O-O Ne4 13. a3 Rac8 14. b4 a6 15.
Nb3 Rc7 16. Nc5 Bc8 17. Qa4 h6 18. Ne5 Nxe5 19. dxe5 Qe7 20. Qa5 Rc6 21. Bxe4
dxe4 22. b5 b6 23. Qa4 axb5 24. Qxb5 Qe8 25. Nd7 Bxd7 26. Rxc6 Bxc6 27. Qxb6
Bd5 28. Rb1 Qa4 29. Qb4 Ra8 30. Qxa4 Rxa4 31. Ra1 g5 0-1

[Event "BRNO OPEN 2019 A - FIDE open"]
[Site "Brno"]
[Date "2019.11.07"]
[Round "5"]
[White "Pokladnik, Martin"]
[Black "Jires, Jiri"]
[Result "1/2-1/2"]
[WhiteElo "1934"]
[BlackElo "2077"]
[PlyCount "85"]
[EventDate "2019.11.03"]

1. e4 e5 2. Nf3 Nc6 3. Bb5 a6 4. Ba4 Nf6 5. O-O Be7 6. Re1 b5 7. Bb3 d6 8. c3
O-O 9. h3 Nb8 10. d4 Nbd7 11. Nbd2 Bb7 12. Bc2 Re8 13. dxe5 dxe5 14. Nf1 h6 15.
Ng3 Bf8 16. Nh2 Nc5 17. Qf3 Qd6 18. Ng4 Nxg4 19. hxg4 Qg6 20. Nf5 Rad8 21. g3
Ne6 22. Nh4 Ng5 23. Bxg5 Qxg5 24. Bb3 Rd7 25. Rad1 Red8 26. Rd3 g6 27. Red1 Bd6
28. c4 bxc4 29. Bxc4 Kg7 30. Ng2 Rh8 31. Rb3 Bc8 32. Ne3 Re7 33. Be2 h5 34.
gxh5 Rxh5 35. Nd5 Re8 36. Qe3 Qxe3 37. Rxe3 Rh6 38. Rc3 Bb7 39. Rb3 Ba8 40. Bf3
f5 41. Nxc7 Bxc7 42. Rd7+ Kf6 43. Rxc7 1/2-1/2

[Event "BRNO OPEN 2019 A - FIDE open"]
[Site "Brno"]
[Date "2019.11.07"]
[Round "5"]
[White "Nezval, Filip"]
[Black "Ochedzan, Tymon"]
[Result "0-1"]
[WhiteElo "1771"]
[BlackElo "2061"]
[PlyCount "98"]
[EventDate "2019.11.03"]

1. Nf3 Nf6 2. g3 g6 3. b3 Bg7 4. Bb2 O-O 5. Bg2 c5 6. c4 Nc6 7. O-O d6 8. d4
Rb8 9. dxc5 dxc5 10. Ne5 Nd4 11. e3 Nf5 12. Qxd8 Rxd8 13. Nc3 Rd2 14. Rab1 Ne8
15. Na4 Rxb2 16. Nxb2 Bxe5 17. Nd3 Bd6 18. b4 cxb4 19. c5 Bc7 20. Rxb4 b6 21.
Rfb1 Be6 22. Nf4 Rd8 23. Nxe6 fxe6 24. c6 Nf6 25. Ra4 a5 26. e4 Rd4 27. Rxd4
Nxd4 28. e5 Nd5 29. f4 Nc3 30. Rb2 b5 31. Rd2 b4 32. Kf1 Ncb5 33. Kf2 Kf8 34.
Ke3 Bb6 35. Kd3 Ke8 36. Rd1 Kd8 37. Rc1 Kc7 38. Rc3 Nf5 39. Be4 Ne3 40. Rc1 Nc3
41. a3 Nxe4 42. axb4 Nf2+ 43. Ke2 Nfd1 44. bxa5 Bxa5 45. Ra1 Bb6 46. Ra8 Nc3+
47. Kf3 Nc2 48. Rh8 h5 49. Rg8 Ne1# 0-1

[Event "BRNO OPEN 2019 A - FIDE open"]
[Site "Brno"]
[Date "2019.11.07"]
[Round "5"]
[White "Aird, Ian"]
[Black "Piscopo, Pierluigi"]
[Result "0-1"]
[WhiteElo "1853"]
[BlackElo "2398"]
[PlyCount "104"]
[EventDate "2019.11.03"]

1. e4 c5 2. Nf3 e6 3. g3 Nc6 4. Bg2 Nf6 5. Qe2 e5 6. O-O Be7 7. c3 O-O 8. Rd1
d5 9. d4 exd4 10. exd5 Qxd5 11. Nxd4 Qe5 12. Bf4 Qxe2 13. Nxe2 Bg4 14. f3 Be6
15. Bg5 Rad8 16. Nd2 Rfe8 17. Nf4 Bc8 18. Nc4 Rxd1+ 19. Rxd1 b5 20. Ne3 Bf8 21.
Kf2 Nd7 22. Nfd5 f6 23. Bf4 g5 24. Bc7 c4 25. Nf5 Kf7 26. Nd6+ Bxd6 27. Bxd6
Nde5 28. Bf1 Bf5 29. Ne3 Nd3+ 30. Bxd3 Bxd3 31. Rd2 Rd8 32. Bc5 a5 33. Nc2 Rd5
34. Be3 b4 35. Nd4 Ne5 36. Ne2 Rb5 37. Bd4 Nc6 38. Be3 Rb7 39. h3 Bb1 40. Nc1
bxc3 41. bxc3 Ne5 42. f4 gxf4 43. gxf4 Nd3+ 44. Nxd3 Bxd3 45. Bc5 Ke6 46. Ba3
Kf5 47. Kf3 Rg7 48. Bd6 h5 49. Rb2 Be4+ 50. Ke3 Rg3+ 51. Kd4 Rd3+ 52. Kc5 Rd5+
0-1

[Event "BRNO OPEN 2019 A - FIDE open"]
[Site "Brno"]
[Date "2019.11.07"]
[Round "5"]
[White "Meszaros, Ludek"]
[Black "Ambros, Zdenek"]
[Result "1-0"]
[WhiteElo "2070"]
[BlackElo "1835"]
[PlyCount "35"]
[EventDate "2019.11.03"]

1. d4 d5 2. Nf3 Nf6 3. c4 e6 4. Nc3 Be7 5. Bg5 O-O 6. e3 Nbd7 7. Rc1 c6 8. Bd3
dxc4 9. Bxc4 Nd5 10. Bxe7 Nxe7 11. O-O Ng6 12. Qe2 Re8 13. Rfd1 Nb6 14. Bb3 Nd5
15. Ne4 Bd7 16. Nd6 Rf8 17. Nxb7 Qe7 18. Nc5 1-0

[Event "BRNO OPEN 2019 A - FIDE open"]
[Site "Brno"]
[Date "2019.11.08"]
[Round "6"]
[White "Skurikhin, Dmitrij"]
[Black "Chkhaidze, Nikoloz"]
[Result "1-0"]
[WhiteElo "2295"]
[BlackElo "2287"]
[PlyCount "65"]
[EventDate "2019.11.03"]

1. Nf3 g6 2. d4 Nf6 3. g3 Bg7 4. Bg2 O-O 5. O-O c5 6. e3 d5 7. b3 cxd4 8. exd4
Nc6 9. Bb2 Bf5 10. Nbd2 Qc8 11. c4 Bh3 12. Qe2 Bxg2 13. Kxg2 b6 14. Ne5 dxc4
15. bxc4 Nxe5 16. dxe5 Nd7 17. f4 Nc5 18. Nb3 Qb7+ 19. Rf3 Rac8 20. Ba3 Ne6 21.
Rc1 g5 22. Kf2 gxf4 23. gxf4 f6 24. Rg1 fxe5 25. Qxe5 Rf6 26. Nd2 Kh8 27. Bb2
Nxf4 28. Qxf4 Rxf4 29. Bxg7+ Kg8 30. Rxf4 h5 31. Be5+ Kh7 32. Rf7+ Kh6 33. Bf4#
1-0

[Event "BRNO OPEN 2019 A - FIDE open"]
[Site "Brno"]
[Date "2019.11.08"]
[Round "6"]
[White "Ochedzan, Tymon"]
[Black "Hofirek, Benedikt"]
[Result "1-0"]
[WhiteElo "2061"]
[BlackElo "2269"]
[PlyCount "111"]
[EventDate "2019.11.03"]

1. e4 g6 2. d4 Bg7 3. Nc3 d6 4. Bg5 a6 5. Qd2 b5 6. a3 Nd7 7. f4 Bb7 8. Nf3 c5
9. d5 Qa5 10. Be2 b4 11. Nd1 Ngf6 12. Nf2 O-O 13. O-O Qb6 14. c4 bxc3 15. bxc3
Rfe8 16. c4 Qc7 17. Rab1 e5 18. fxe5 dxe5 19. Bd1 Rab8 20. Ba4 Qd6 21. Qa5 Ba8
22. Bxf6 Bxf6 23. Bxd7 Qxd7 24. Qxa6 Bg7 25. Nd3 f5 26. Nxc5 Qe7 27. d6 Qf7 28.
d7 Red8 29. Rxb8 Rxb8 30. Qc8+ Qf8 31. Qxf8+ Bxf8 32. Ne6 Be7 33. Nxe5 fxe4 34.
d8=Q+ Rxd8 35. Nxd8 Bxd8 36. Kf2 Bc7 37. Rd1 e3+ 38. Kxe3 Bb6+ 39. Ke2 Bxg2 40.
Nf3 Bh3 41. Rd6 Bc5 42. Ra6 Bg4 43. a4 Kf8 44. Ra5 Ba3 45. Kf2 h5 46. Ne5 Bf5
47. c5 Ke7 48. c6 Kd8 49. Nc4 Bc1 50. c7+ Kxc7 51. Rc5+ Kd8 52. Ne3 Ba3 53.
Rd5+ Bd7 54. Nc4 Bb4 55. Ne5 Ke7 56. Nxd7 1-0

[Event "BRNO OPEN 2019 A - FIDE open"]
[Site "Brno"]
[Date "2019.11.08"]
[Round "6"]
[White "Vesely, Jaromir"]
[Black "Jires, Jiri"]
[Result "1/2-1/2"]
[WhiteElo "1952"]
[BlackElo "2077"]
[PlyCount "96"]
[EventDate "2019.11.03"]

1. d4 Nf6 2. c4 g6 3. Nc3 Bg7 4. e4 d6 5. Be2 O-O 6. Nf3 e5 7. O-O Nc6 8. d5
Ne7 9. Ne1 Nd7 10. Nd3 f5 11. f4 c6 12. Be3 cxd5 13. cxd5 h6 14. Qb3 fxe4 15.
Nxe4 Nf5 16. Bf2 Nf6 17. Nxd6 e4 18. Ne5 Nxd6 19. Nxg6 Re8 20. Rad1 Ng4 21. Bc5
b6 22. Bb4 Kh7 23. h3 Nf6 24. Ne5 a5 25. Bc3 a4 26. Qc2 Bb7 27. Nc6 Qc7 28. Be5
Nxd5 29. Rxd5 Bxe5 30. fxe5 Nf7 31. Qxe4+ Kh8 32. Qg6 Qxc6 33. Qxf7 Qxd5 34.
Qf6+ Kg8 35. Qg6+ Kh8 36. Qxh6+ Kg8 37. Bc4 Qxc4 38. Qg6+ Kh8 39. Rf7 Qd4+ 40.
Kh1 Bxg2+ 41. Kxg2 Qxb2+ 42. Kf3 Qc3+ 43. Kg2 Qd2+ 44. Kg1 Qd4+ 45. Kg2 Qd5+
46. Kg1 Qd1+ 47. Kg2 Qe2+ 48. Kg1 Qe3+ 1/2-1/2

[Event "BRNO OPEN 2019 A - FIDE open"]
[Site "Brno"]
[Date "2019.11.08"]
[Round "6"]
[White "Piscopo, Pierluigi"]
[Black "Ahlers, Knut"]
[Result "1-0"]
[WhiteElo "2398"]
[BlackElo "2037"]
[PlyCount "67"]
[EventDate "2019.11.03"]

1. e4 e5 2. Nf3 Nc6 3. Bc4 Bc5 4. c3 Nf6 5. b4 Be7 6. d3 d6 7. O-O O-O 8. a4
Bg4 9. h3 Bh5 10. Nbd2 d5 11. exd5 Nxd5 12. Ne4 Kh8 13. Bd2 Nb6 14. Bb5 f6 15.
a5 Nd5 16. a6 Be8 17. axb7 Rb8 18. Ba6 Qd7 19. Re1 Nd8 20. d4 exd4 21. Nxd4 c6
22. Ng3 Nxb7 23. Ngf5 Bd8 24. Bd3 Bb6 25. c4 Bxd4 26. Nxd4 Nc7 27. Bc3 a6 28.
Bf5 Qf7 29. Ne6 Rg8 30. Qd3 a5 31. Qg3 axb4 32. Bxb4 Bd7 33. Bxh7 Kxh7 34. Qh4+
1-0

[Event "BRNO OPEN 2019 A - FIDE open"]
[Site "Brno"]
[Date "2019.11.08"]
[Round "6"]
[White "Bullen, Alex"]
[Black "Pokladnik, Martin"]
[Result "1/2-1/2"]
[WhiteElo "2108"]
[BlackElo "1934"]
[PlyCount "81"]
[EventDate "2019.11.03"]

1. d4 d6 2. e4 Nf6 3. Nd2 Nc6 4. Ngf3 Bg4 5. c3 e5 6. dxe5 Nxe5 7. Be2 Nxf3+ 8.
Nxf3 Qe7 9. h3 Bd7 10. Bg5 Qxe4 11. O-O O-O-O 12. Re1 h6 13. Be3 Kb8 14. Nd4 d5
15. Nb5 b6 16. a4 a6 17. Nd4 Kb7 18. a5 b5 19. Bf3 Qg6 20. Ne2 Bc6 21. Qd4 Ra8
22. Bf4 Rb8 23. Rad1 Ne4 24. b4 f5 25. Be3 Ra8 26. Nf4 Qf6 27. Qd3 Rd8 28. Bd4
Qd6 29. Ne2 Rg8 30. Be3 g5 31. Qd4 Kc8 32. Qa7 Bb7 33. Bxe4 fxe4 34. Ng3 Qg6
35. Qd4 Bg7 36. Qd2 Be5 37. Ne2 Rdf8 38. Bd4 Bf4 39. Be3 Be5 40. Bd4 Bf4 41.
Be3 1/2-1/2

[Event "BRNO OPEN 2019 A - FIDE open"]
[Site "Brno"]
[Date "2019.11.08"]
[Round "6"]
[White "Kovalenko, Vladimir N"]
[Black "Kalinowska, Zuzanna"]
[Result "1/2-1/2"]
[WhiteElo "2079"]
[BlackElo "1998"]
[PlyCount "49"]
[EventDate "2019.11.03"]

1. e4 e6 2. d4 d5 3. e5 c5 4. c3 Nc6 5. Nf3 f6 6. Bb5 Bd7 7. Qe2 Qb6 8. dxc5
Bxc5 9. b4 Be7 10. Be3 Qc7 11. exf6 Nxf6 12. O-O O-O 13. Bxc6 bxc6 14. Bd4 Bd6
15. Nbd2 Ng4 16. h3 e5 17. hxg4 exd4 18. Nxd4 Rae8 19. Qd3 Bxg4 20. Rae1 Rxe1
21. Rxe1 Qf7 22. N2f3 c5 23. bxc5 Bxc5 24. Re3 Bb6 25. Qd2 1/2-1/2

[Event "BRNO OPEN 2019 A - FIDE open"]
[Site "Brno"]
[Date "2019.11.08"]
[Round "6"]
[White "Zabolotny, Volodymyr"]
[Black "Meszaros, Ludek"]
[Result "1/2-1/2"]
[WhiteElo "1974"]
[BlackElo "2070"]
[PlyCount "94"]
[EventDate "2019.11.03"]

1. Nf3 Nf6 2. c4 g6 3. b3 Bg7 4. Bb2 O-O 5. g3 b6 6. Bg2 Bb7 7. O-O d6 8. d4
Nbd7 9. Nc3 Ne4 10. Qc2 Nxc3 11. Bxc3 Nf6 12. Rfe1 Be4 13. Qb2 c6 14. Bh3 e6
15. Nd2 Bf5 16. Bg2 d5 17. h3 g5 18. e4 dxe4 19. g4 Bg6 20. Nxe4 Nxe4 21. Bxe4
f5 22. Bxc6 fxg4 23. hxg4 Rf4 24. Qe2 Rc8 25. Bg2 Bxd4 26. Bxd4 Rxd4 27. Qxe6+
Bf7 28. Qe2 Qd7 29. Rad1 Qxg4 30. Qxg4 Rxg4 31. Re7 Be8 32. Kf1 Rf4 33. Rxa7
Bg6 34. Rd2 Kh8 35. a4 h5 36. Rd6 Bf7 37. Rxb6 g4 38. Ra8 Rxa8 39. Bxa8 Kg7 40.
a5 Rd4 41. a6 Rd1+ 42. Kg2 h4 43. Bb7 Ra1 44. Rb4 Ra2 45. Ra4 Rb2 46. Kg1 Rb1+
47. Kg2 Rb2 1/2-1/2

[Event "BRNO OPEN 2019 A - FIDE open"]
[Site "Brno"]
[Date "2019.11.08"]
[Round "6"]
[White "Pokotaiev, Vladyslav"]
[Black "Denisenko, Denis"]
[Result "0-1"]
[WhiteElo "1766"]
[BlackElo "2091"]
[PlyCount "100"]
[EventDate "2019.11.03"]

1. e4 e5 2. Nc3 Nf6 3. Nf3 Nc6 4. Bb5 Bb4 5. O-O d6 6. d4 exd4 7. Nxd4 Bd7 8.
Nf5 O-O 9. Bg5 Bxc3 10. bxc3 Re8 11. Re1 Re5 12. Bd3 Bxf5 13. exf5 Qe7 14. Qd2
Re8 15. Kf1 Rxe1+ 16. Rxe1 Qxe1+ 17. Qxe1 Rxe1+ 18. Kxe1 Nd7 19. Be4 Nc5 20.
Bxc6 bxc6 21. Be3 Na6 22. Kd2 Kf8 23. Kd3 c5 24. Ke4 Ke7 25. a3 Nb8 26. g4 Nd7
27. g5 Nb6 28. h4 c6 29. h5 Nc4 30. Bc1 g6 31. hxg6 hxg6 32. fxg6 fxg6 33. Kd3
Ne5+ 34. Ke4 Ke6 35. Be3 a6 36. Bc1 Nc4 37. Kf4 d5 38. Kg4 Nd6 39. Be3 c4 40.
a4 Ne4 41. f4 Nxc3 42. Bd4 Nxa4 43. f5+ gxf5+ 44. Kh5 Kf7 45. g6+ Kg8 46. Kg5
c5 47. Be3 d4 48. Bd2 c3 49. Bc1 c4 50. Kxf5 d3 0-1

[Event "BRNO OPEN 2019 A - FIDE open"]
[Site "Brno"]
[Date "2019.11.08"]
[Round "6"]
[White "Belov, Alexander"]
[Black "Filippskikh, Oleksii"]
[Result "0-1"]
[WhiteElo "1828"]
[BlackElo "1966"]
[PlyCount "54"]
[EventDate "2019.11.03"]

1. g3 d5 2. Bg2 Nf6 3. d3 c6 4. Nc3 e5 5. e4 Bg4 6. f3 Be6 7. h3 Bc5 8. Bg5
Bxg1 9. Rxg1 Qb6 10. Kd2 Nbd7 11. Kc1 d4 12. Ne2 Nc5 13. f4 h6 14. fxe5 Nfd7
15. Bf4 g5 16. b3 gxf4 17. gxf4 O-O-O 18. f5 Nxe5 19. fxe6 fxe6 20. Nf4 Rhf8
21. Qh5 Qa5 22. b4 Qa3+ 23. Kd1 Qc3 24. Rb1 Rxf4 25. Rf1 Ncxd3 26. Qe2 Rxf1+
27. Bxf1 Nb2+ 0-1

[Event "BRNO OPEN 2019 A - FIDE open"]
[Site "Brno"]
[Date "2019.11.08"]
[Round "6"]
[White "Spodny, Josef"]
[Black "Glozar, Petr"]
[Result "1/2-1/2"]
[WhiteElo "1821"]
[BlackElo "1908"]
[PlyCount "59"]
[EventDate "2019.11.03"]

1. e4 c5 2. Nc3 g6 3. Nf3 Bg7 4. d4 cxd4 5. Nxd4 Nc6 6. Be3 Nf6 7. Be2 O-O 8.
O-O d6 9. Qd2 Bd7 10. Rad1 a6 11. f3 Re8 12. Nb3 b5 13. a3 Qc7 14. Bd3 Rab8 15.
Qf2 Ne5 16. Bc1 Rec8 17. Kh1 Be6 18. Nd4 Bc4 19. h3 Bxd3 20. cxd3 b4 21. axb4
Rxb4 22. Nc2 Rb7 23. Ne3 Qb6 24. f4 Nc6 25. Nc4 Qxf2 26. Rxf2 Nd7 27. Nd5 Nc5
28. Be3 Bd4 29. Bxd4 Nxd4 30. Na5 1/2-1/2

[Event "BRNO OPEN 2019 A - FIDE open"]
[Site "Brno"]
[Date "2019.11.08"]
[Round "6"]
[White "Musienko, Olexiy"]
[Black "Tesar, Jan"]
[Result "1/2-1/2"]
[WhiteElo "1810"]
[BlackElo "2029"]
[PlyCount "64"]
[EventDate "2019.11.03"]

1. e4 c5 2. Nf3 a6 3. c4 e6 4. Nc3 d6 5. d4 cxd4 6. Nxd4 Nf6 7. Be3 Be7 8. Be2
O-O 9. O-O Qc7 10. Rc1 Nbd7 11. f4 b6 12. Bf3 Bb7 13. Qe2 Rfe8 14. Rfd1 Rac8
15. b3 Qb8 16. Qd3 Nc5 17. Qb1 Bf8 18. Bf2 g6 19. Bg3 Bh6 20. e5 dxe5 21. fxe5
Bxf3 22. Nxf3 Nh5 23. Bh4 Be3+ 24. Kh1 h6 25. Rc2 g5 26. Re2 Bf4 27. g4 Qb7 28.
Kg2 Ng7 29. Bf2 Red8 30. Rxd8+ Rxd8 31. Bxc5 bxc5 32. Ne4 Ne8 1/2-1/2

[Event "BRNO OPEN 2019 A - FIDE open"]
[Site "Brno"]
[Date "2019.11.08"]
[Round "6"]
[White "Bacak, Petr Ml"]
[Black "Aayush, Bhattacherjee"]
[Result "0-1"]
[WhiteElo "1938"]
[BlackElo "1765"]
[PlyCount "80"]
[EventDate "2019.11.03"]

1. e4 e6 2. d4 d5 3. Nc3 dxe4 4. Nxe4 Nd7 5. Nf3 Ngf6 6. Bd3 Be7 7. Nxf6+ Nxf6
8. Qe2 h6 9. Bd2 Bd7 10. Ne5 c6 11. c3 Qb6 12. O-O c5 13. dxc5 Qxc5 14. Nxd7
Nxd7 15. Bb5 Qc7 16. Rad1 Rd8 17. Qg4 Bd6 18. Qxg7 Bxh2+ 19. Kh1 Qe5 20. Qxe5
Bxe5 21. Be3 a6 22. Ba4 b5 23. Bb3 Rg8 24. f4 Bc7 25. f5 e5 26. Bd5 Nf6 27.
Bc6+ Ke7 28. Bc5+ Bd6 29. Rxd6 Rxd6 30. Rd1 Rgd8 31. Bb7 a5 32. Bc6 Ng4 33.
Rxd6 Rxd6 34. Bxb5 Nf6 35. b4 Ne4 36. Bxd6+ Nxd6 37. Be2 axb4 38. cxb4 Nxf5 39.
a4 Ng3+ 40. Kh2 Nxe2 0-1

[Event "BRNO OPEN 2019 A - FIDE open"]
[Site "Brno"]
[Date "2019.11.08"]
[Round "6"]
[White "Chmelicek, Bronislav"]
[Black "Kochev, Igor"]
[Result "1/2-1/2"]
[WhiteElo "1935"]
[BlackElo "1696"]
[PlyCount "47"]
[EventDate "2019.11.03"]

1. e4 e6 2. d4 d5 3. exd5 exd5 4. Bd3 Bd6 5. c3 Nc6 6. Ne2 Qh4 7. g3 Qe7 8. Kd2
Bg4 9. Re1 O-O-O 10. Kc2 Nf6 11. Be3 Bf3 12. Nd2 Bh5 13. Nf1 Rhe8 14. Qd2 Ne4
15. Bxe4 Qxe4+ 16. Kd1 Na5 17. Qc2 Nc4 18. Qxe4 Rxe4 19. b3 Nxe3+ 20. Nxe3 Rde8
21. Kd2 Bxe2 22. Rxe2 c6 23. Rae1 g6 24. Ng4 1/2-1/2

[Event "BRNO OPEN 2019 A - FIDE open"]
[Site "Brno"]
[Date "2019.11.08"]
[Round "6"]
[White "Smietanska, Wiktoria"]
[Black "Aird, Ian"]
[Result "1-0"]
[WhiteElo "1641"]
[BlackElo "1853"]
[PlyCount "69"]
[EventDate "2019.11.03"]

1. d4 d5 2. Bf4 Nf6 3. e3 Nbd7 4. Bd3 c5 5. c3 g6 6. Nd2 Bg7 7. h3 O-O 8. Ngf3
b6 9. O-O Bb7 10. Re1 Ne4 11. Qc2 Nxd2 12. Qxd2 Re8 13. Rad1 e5 14. dxe5 Nxe5
15. Nxe5 Bxe5 16. Bxe5 Rxe5 17. Be2 Qe7 18. Bf3 Re8 19. Rc1 a6 20. Red1 Rg5 21.
Qe2 Qe6 22. Kh1 Qe7 23. Rd2 b5 24. Rcd1 Qe6 25. b4 Qe7 26. a3 d4 27. cxd4 cxb4
28. axb4 Bxf3 29. Qxf3 Qxb4 30. Qc6 Re6 31. Qa8+ Kg7 32. e4 Rd6 33. f3 Rg3 34.
e5 Rd7 35. Qc6 1-0

[Event "BRNO OPEN 2019 A - FIDE open"]
[Site "Brno"]
[Date "2019.11.09"]
[Round "7"]
[White "Ochedzan, Tymon"]
[Black "Skurikhin, Dmitrij"]
[Result "1/2-1/2"]
[WhiteElo "2061"]
[BlackElo "2295"]
[PlyCount "43"]
[EventDate "2019.11.03"]

1. e4 c6 2. d4 d5 3. Nc3 dxe4 4. Nxe4 Bf5 5. Ng3 Bg6 6. h4 h6 7. Nf3 Nd7 8. h5
Bh7 9. Bd3 Bxd3 10. Qxd3 e6 11. Bd2 Ngf6 12. O-O-O Be7 13. Kb1 Qb6 14. c4 Rd8
15. Bf4 O-O 16. Qe2 Rfe8 17. Nf1 c5 18. Be3 cxd4 19. Bxd4 Bc5 20. Ne3 Bxd4 21.
Nxd4 Ne4 22. Nb3 1/2-1/2

[Event "BRNO OPEN 2019 A - FIDE open"]
[Site "Brno"]
[Date "2019.11.09"]
[Round "7"]
[White "Chudinovskikh, Alexander M"]
[Black "Vesely, Jaromir"]
[Result "1-0"]
[WhiteElo "2149"]
[BlackElo "1952"]
[PlyCount "99"]
[EventDate "2019.11.03"]

1. e4 e6 2. d4 d5 3. Nc3 f5 4. exf5 exf5 5. Bf4 Nf6 6. Bd3 c6 7. Nf3 Bd6 8. Ne2
O-O 9. O-O Ne4 10. h4 Qc7 11. Qc1 Nd7 12. Bxd6 Qxd6 13. Qf4 Ndf6 14. Qxd6 Nxd6
15. Nf4 Ng4 16. Rad1 Re8 17. Rfe1 Ne4 18. Re2 b5 19. Ne1 Nd6 20. Rxe8+ Nxe8 21.
Be2 Ngf6 22. Ned3 a5 23. Ne5 Ra6 24. Nfd3 Rb6 25. Re1 Nd7 26. Nxd7 Bxd7 27. Nc5
Bc8 28. Bxb5 Nd6 29. Ba4 Kf7 30. Bb3 Nc4 31. Bxc4 dxc4 32. b3 cxb3 33. axb3 Rb8
34. Ra1 f4 35. Rxa5 Bf5 36. Na6 Rb5 37. Rxb5 cxb5 38. c3 Be4 39. Nc5 Bd5 40.
Nd3 Bxb3 41. Nxf4 Kf6 42. f3 g5 43. hxg5+ Kxg5 44. g3 h5 45. Kf2 h4 46. Nh3+
Kh5 47. gxh4 Kxh4 48. Nf4 Kg5 49. Ke3 Kf5 50. Nd3 1-0

[Event "BRNO OPEN 2019 A - FIDE open"]
[Site "Brno"]
[Date "2019.11.09"]
[Round "7"]
[White "Meszaros, Ludek"]
[Black "Piscopo, Pierluigi"]
[Result "1-0"]
[WhiteElo "2070"]
[BlackElo "2398"]
[PlyCount "99"]
[EventDate "2019.11.03"]

1. e4 c5 2. Nf3 e6 3. d3 Nc6 4. g3 Nf6 5. Bg2 Be7 6. O-O O-O 7. Nbd2 d6 8. c3
Qc7 9. d4 cxd4 10. cxd4 e5 11. Qc2 Qb8 12. d5 Nb4 13. Qc4 Na6 14. b4 Bd7 15.
Bb2 Rc8 16. Qb3 Qc7 17. a3 Qd8 18. Rfe1 Qe8 19. a4 b5 20. axb5 Bxb5 21. Bf1
Bxf1 22. Rxf1 Nc7 23. Nh4 Qd7 24. Kg2 Nb5 25. Nf5 Bd8 26. Qd3 g6 27. Ne3 Bb6
28. Nec4 Bd4 29. Bxd4 Nxd4 30. f4 Qe7 31. Ra6 Ne8 32. fxe5 dxe5 33. d6 Qe6 34.
Rfa1 Nf6 35. d7 Rc6 36. b5 Rxa6 37. Rxa6 Qe7 38. Nb6 Rd8 39. Rxa7 Qc5 40. Rb7
Nxb5 41. Nd5 Nxd5 42. Rxb5 Ne3+ 43. Kf3 Qc6 44. Kxe3 Rxd7 45. Rd5 Qb6+ 46. Ke2
Ra7 47. Rxe5 Qg1 48. Re8+ Kg7 49. Qc3+ Kh6 50. Qe3+ 1-0